Biggest Cities and Urban Areas in the U.S. - Whammies - Statistics

General Stats
  • This quiz has been taken 366 times
  • The average score is 31 of 40
Answer Stats
# # # % Correct
City 8.478.072 New York
100%
Urban Area 19.940.000 New York
100%
City 2.721.308 Chicago
98%
Urban Area 9.409.000 Chicago
98%
City 3.878.704 Los Angeles
98%
Urban Area 12.928.000 Los Angeles
98%
City 1.326.087 Dallas
95%
Urban Area 8.344.000 Dallas
95%
Urban Area 6.458.000 Miami
95%
City 2.390.125 Houston
94%
Urban Area 7.796.000 Houston
94%
Urban Area 5.026.000 Boston
92%
City 1.573.916 Philadelphia
92%
Urban Area 6.330.000 Philadelphia
92%
City 827.526 San Francisco
92%
Urban Area 4.649.000 San Francisco
92%
City 780.995 Seattle
88%
Urban Area 4.145.000 Seattle
88%
City 1.673.164 Phoenix
87%
Urban Area 5.187.000 Phoenix
87%
Urban Area 6.436.000 Washington
86%
Urban Area 6.411.000 Atlanta
83%
City 1.404.452 San Diego
81%
Urban Area 3.299.000 San Diego
81%
City 1.526.656 San Antonio
79%
City 729.019 Denver
75%
Urban Area 3.052.000 Denver
75%
Urban Area 4.401.000 Detroit
75%
City 993.588 Austin
68%
City 1.009.833 Jacksonville
64%
City 997.368 San Jose
62%
Urban Area 3.758.000 Minneapolis / St. Paul
60%
City 943.476 Charlotte
55%
City 933.263 Columbus
53%
Urban Area 3.425.000 Tampa
50%
City 891.484 Indianapolis
48%
Urban Area 2.941.000 Orlando
39%
City 1.008.106 Fort Worth
37%
City 712.919 Oklahoma City
22%
Urban Area 4.744.000 Riverside / San Bernardino
15%
No matching quizzes found
Score Distribution
Percent of People with Each Score
Percentile by Number Answered
Your Score History
You have not taken this quiz